000 00703nam a2200265Ia 4500
001 33308
005 20240114001642.0
007 ta
008 061218s1345 a g b000 u 346 u
020 _cHB
040 _aCotton College,Assam
041 _a346
082 _a891.44309
_bSe 55 B
100 _aSengupta, Subodh.
245 0 _aBankimchandra /
_cSubodh Sengupta.
_hTextual Documents
250 _a1st ed. /
260 _aCalcutta :
_bS.C.Sarkar & Sons Ltd. ,
_c1345.
300 _a245p. :
_bill ;
_c18cm .
653 _aBengali Fiction-Criticism
653 _aBengali Novel-Criticism
653 _aG-Bengali
942 _2ddc
_cBK
999 _c33290
_d33290